Major Canadian Military Equipment - Statistics

General Stats
  • This quiz has been taken 14 times
  • The average score is 11 of 24
Answer Stats
Picture Answer % Correct
C7
85%
CF-18
85%
C-130
77%
C-17
77%
HMMWV
77%
Leopard 2
69%
G-Wagon
54%
LAV
54%
CH-148
46%
CP-140
46%
M72
46%
Victoria Class
46%
Carl Gustaf
38%
CH-146
38%
Halifax Class
38%
Kingston Class
38%
M113
38%
TOW
38%
Harry Dewolf Class
31%
P320
31%
TAPV
31%
Navistar 7000
15%
CG634
8%
VM 90
8%
No matching quizzes found
Score Distribution
Percent of People with Each Score
Percentile by Number Answered
Your Score History
You have not taken this quiz